000 00753nam a2200205 i 4500
001 189507
003 ES-MaACL
005 20230906223505.0
007 t|
008 190606s1943 sp r ||||1| spa d
100 1 _aMartín Bolaños, Manuel.
_977421
245 1 0 _aConsideraciones sobre los encinares de España /
_cpor Manuel Martín Bolaños.
260 _aMadrid :
_bInstituto Forestal de Investigaciones y Experiencias,
_c1943.
300 _a100 p. :
_bil. ;
_c24 cm.
490 1 _aInstituto Forestal de Investigaciones y Experiencias ;
_vAño XIV, nº 27
650 0 4 _aEncina.
_912238
830 0 _aInstituto Forestal de Investigaciones y Experiencias ;
_vAño XIV, nº 27
_9181435
852 _aES-MaACL
_jP-569-Bis-15
999 _c189507
_d189507